00688nam a2200241 a 4500001001300000003000900013005001700022008004100039020001000080082001500090100002300105245003800128260003300166300000900199500003500208505001000243650002200253700002300275902000800298942000700306952011600313999001700429nice12345678IN_TiNIC20260116013344.0080221s1999 dela grp 000 0 eng  ac12500a297.7bCHA aChawdhri, A Ghafur aSome Aspects of Islamic Education aDelhibAdam Publishersc1999 a180p aincludes index and biblioraphy2 aIndex aIslamic-Education1 aChawdhri, A Ghafur bSRS cBK 001040708StackRoom-aHMIbHMId2008-02-21g125.00l0o297.7 CHAp019465r2008-02-21v125.00w2008-02-21yBK c10679d10679